Zufällige Wappen von Schweizer Städten - Statistiken

Allgemein
  • Dieses Quiz wurde 168 mal gespielt
  • Das Durchschnittsergebnis liegt bei 4 aus 9
Antwortstatistiken
Coat of Arms / City % Korrekt
Zürich
94%
Genf
94%
Solothurn
92%
Luzern
86%
Bern
73%
Sitten
67%
Lugano
60%
Winterthur
57%
Yverdon-les-Bains
55%
Chur
50%
Zug
46%
Aarau
43%
Liestal
42%
Biel/Bienne
36%
Locarno
33%
Rapperswil-Jona
33%
Lausanne
25%
Schwyz
25%
La Chaux-de-Fonds
25%
Bellinzona
25%
Bulle
25%
Bülach
25%
Olten
22%
St. Gallen
22%
Langenthal
21%
Wil
20%
Delémont
20%
Thun
20%
Köniz
18%
Sarnen
17%
Altdorf
17%
Freiburg
14%
Frauenfeld
14%
Neuenburg
13%
Burgdorf
13%
Nyon
8%
Morges
0%
Vevey
0%
Stans
0%
Baden
0%
Martigny
0%
Keine übereinstimmenden Quizze gefunden
Verteilung der Resultate
Anzahl Personen mit jedem Resultat
Perzentil nach korrekt beantworteten Fragen
Ihre Resultats-Entwicklung
Sie haben dieses Quiz noch nicht gespielt